000 00487nam a2200181Ia 4500
005 20250508150716.0
008 008 250505s9999 xx 000 0 eng d
037 _aTextual
040 _aFEDL
_beng
_cFEDL
041 _aeng
_2eng
084 _a824.91, COO
_qFEDL
100 _aCoomaraswamy Ananda K
245 0 _aBugbear of literacy
260 _aLondon, UK
_bDennis Dobson Ltd.
_c1947
300 _a130p.
942 _cTEXL
_h824.91, COO
999 _c1325187
_d1325187